000 00309 a2200145 4500
001 185435
020 _a
040 _cMagnum
100 _aRegina, Tia
240 1 0 _aA lenda do bandeirante
_lpor
245 1 0 _aA lenda do bandeirante
300 _a15
697 _aLITERATURA INFANTO-JUVENIL
942 _cBK
999 _c185435
_d185435